Statistiken für Vizepräsidenten der Vereinigten Staaten seit 1789 - mit Bild

Klicken Sie hier um das Quiz zu spielen!

Allgemein

  • Dieses Quiz wurde 24 mal gespielt
  • Das Durchschnittsergebnis liegt bei 15 aus 49

Antwortstatistiken

Antwort% Korrekt
Joe Biden
96%
George Bush
92%
Kamala Harris
83%
Lyndon Johnson
83%
Richard Nixon
83%
Gerald Ford
79%
Harry Truman
75%
Thomas Jefferson
75%
John Adams
71%
Mike Pence
67%
Al Gore
63%
Martin Van Buren
58%
Theodore Roosevelt
58%
Andrew Johnson
50%
Dick Cheney
46%
Calvin Coolidge
42%
John Tyler
38%
Hubert Humphrey
33%
Chester Arthur
29%
Nelson Rockefeller
29%
Walter Mondale
25%
Millard Fillmore
21%
Spiro Agnew
21%
Aaron Burr
17%
Hannibal Hamlin
17%
Schuyler Colfax
17%
Dan Quayle
13%
George Clinton
13%
John Calhoun
13%
Adlai Stevenson
8%
Alben Barkley
8%
Charles Curtis
8%
Charles Dawes
8%
Charles Fairbanks
8%
Elbridge Gerry
8%
Henry Wallace
8%
Henry Wilson
8%
James Sherman
8%
John Garner
8%
Levi Morton
8%
Daniel Tompkins
4%
Garret Hobart
4%
George Dallas
4%
Richard Johnson
4%
Thomas Hendricks
4%
Thomas Marshall
4%
William King
4%
John Breckinridge
0%
William Wheeler
0%

Verteilung der Resultate

Perzentil nach korrekt beantworteten Fragen

Anzahl Personen mit jedem Resultat

Ihre Resultats-Entwicklung

Sie haben dieses Quiz noch nicht gespielt